000 01130nam a22003132i 4500
001 30357
003 BD-RjUL
005 20211209051543.0
008 140409s1975 ne b 000 0 eng d
020 _a0444109463 (AmericanElsevier)
035 _a(BD-RjUL)30442
040 _aDLC
_cDLC
_dBD-RjUL
_beng
041 _aeng
082 _a001.539
_bMEO V-1 1975
100 1 _aMeyer, Bonnie J. F.
_992273
245 1 4 _aThe organization of prose and its effects on memory /
_cBonnie J.F. Meyer
_nVOLUME 1.
_pNORTH -HOLLAND STUDIES IN THEORETICAL POETICS.
260 _aAmsterdam :
_bNorth-Holland Pub. Co ;
_aNew York :
_bAmerican Elsevier Pub. Co,
_c1975
300 _axvii, 249 p. :
_c22 cm
490 1 _aNorth-Holland studies in theoretical poetics ;
_vv. 1
500 _aBased on the author's thesis, Cornell, 1974
504 _aBibliography: p. 241-249
650 0 _aDiscourse analysis
_992274
650 0 _aContent analysis (Communication)
_992275
650 0 _aMemory.
_992276
830 0 _vv. 1
_992289
830 0 _aNorth-Holland studies in theoretical poetics ;
_992278
942 _2ddc
_cBK
999 _c30357
_d30357